00654pam a2200193 a 4500020001500000040000800015082002600023100001900049245004100068260013400109300003200243500006000275500002000335650001200355650001100367700001800378700001900396710004500415 a0702218812 cDLC00a584 PUB 1983 A061 Or.1 aTothill, J. C.14aThe grasses of southern Queensland / aSt. Lucia ;aNew York :bPublished for the Tropical Grassland Society of Australia by the University of Queensland Press,cc1983. ax, 475 p. :bill. ;c26 cm. aRev. ed. of: The grasses of southeast Queensland. 1973. aIncludes index. 0aGrasses 0aBotany1 aHacker, J. B.1 aTothill, J. C.2 aTropical Grassland Society of Australia.